| 000 | 01195nam0a2200337 4500 | ||
|---|---|---|---|
| 001 | RU\NLR\BIBL_A\011524474 | ||
| 005 | 20260406113101.0 | ||
| 010 |
_a9785847510646 _92000 |
||
| 021 |
_aRU _b2017-78644 _95609 |
||
| 035 | _a(RuMoRGB)009426907 | ||
| 035 | _a(NLR Aleph) 011524474 | ||
| 090 |
_a12112795 _c12112795 |
||
| 100 | _a20171113d2018 a y0rusy50 ca | ||
| 101 | 0 | _arus | |
| 102 | _aRU | ||
| 105 | _aac||zzzz0|0ay | ||
| 200 | 1 |
_aАся _aПервая любовь _eповести _fИван Тургенев |
|
| 210 |
_aМосква _cМартин _d2018 _d[т. е. 2017] |
||
| 215 |
_a141, [2] с., [4] л. цв. ил., портр. _d17 |
||
| 225 | 1 | _aМалая избранная классика | |
| 225 | 1 |
_aМалая избранная иллюстрированная классика _iПроза |
|
| 300 | _aКн. фактически изд. в 2017 г. | ||
| 333 | _a12+ | ||
| 686 |
_aШ5(2=Р)52-644 _2rubbk |
||
| 686 | 2 | _aШ6(2=Р)52-4 | |
| 700 | 1 |
_7ca _8rus _aТургенев _bИ. С. _f1818-1883 _gИван Сергеевич _9110198 _3RU\NLR\AUTH\77102 |
|
| 942 | _cBOOK | ||
| 980 | _aNBR | ||